1349 1928 1703 1892 1963 1315 1855 1042 1090 1684 1090 1607 1694 1187 1270 1544 1386 1730 1172 1529 1381 1916 1422 1153 1181 1743 1812 1014 1663 1420 1697 1553 1436 1170 1905 1744 1545 1522 1618 1480 1513 1069 1572 1830 1286 1168 1215 1065 1004 1259 1937 1194 1663 1448 1392 1079 1150 1230 1233 1957 1310 1502 1846 1176 1805 1759 1439 1223 1670 1382 1599 1967 1610 1472 1257 1362 1553 1093 1433 1249 1705 1980 1961 1246 1874 1692 1089 1222 1856 1543 1122 1680 1771 1073 1042 1441 1330 1892 1623 BCNSPRNW ULIB Ver.6.0+V

เปลี่ยนเป็นภาษาไทย

Change to English
 แสดงรายละเอียดบรรณานุกรม
  กลับหน้าหลัก

Brief Record : Get Marc (ISO 2709) : E-mail record : QR code < ปิดหน้าต่าง
LEADER : 00000nam 2200000uu 4500
001    13399121270
003     ULIB
008    121113s2551||||th 000 0 tha d
020    ^a9789741374243
050  4 ^aPE1116.M4^bป328บ ล.1
100 0  ^aประพิศ พงษ์พานิช
245 10 ^aFun & games in learning medical English book 1 :^bdoctors,nurses, medical students, everyone involved in health care: แบบฝึกหัดภาษาอังกฤษสำหรับบุคลากรทางการแพทย์ /^c[ประพิศ พงษ์พานิช, บ๊อบ ก๊อดสัน]
250    ^aพิมพ์ครั้งที่ 1
260    ^aกรุงเทพฯ :^bเจ้าพระยาระบบการพิมพ์,^c2551
300    ^a123 หน้า :^bภาพประกอบ ;^c22 ซม.
650  4 ^aภาษาอังกฤษ^xบทสนทนาและวลี (สำหรับบุคลากรทางการแพทย์)
650  4 ^aภาษาอังกฤษ^xการใช้ภาษา^xแบบฝึกหัด
653    ^aOpen Your Eyes Project
700 1  ^aก๊อดสัน, บ๊อบ
945    ^p150^l0^i14978
995    ^aวิภา
999 ^a ทศพร
รายการนี้ยังไม่มีแท็ก
คุณยังไม่ได้ล็อกอิน คุณสามารถมีกิจกรรมร่วมกับเว็บไซต์ได้ แต่ต้องล็อกอินก่อน ::
  ล็อกอิน

รายการสื่อสารสนเทศ

ลำดับที่ ประเภท เลขเรียก/บาร์โค้ด สถานที่ สถานะ
1. วิทยาศาสตร์การแพทย์ และสุขภาพ
วิทยาศาสตร์การแพทย์ และสุขภาพ
PE1116.M4 ป328บ ล.1  
  Barcode: 14978
ห้องสมุดวิทยาเขตสวรรค์ประชารักษ์
►หนังสือทั่วไป
บนชั้น

รายการใกล้เคียง
    ผู้แต่ง [ประพิศ พงษ์พานิช]

BibComment


ยังไม่เคยถูกคอมเมนท์

คอมเมนท์ทรัพยากรรายการนี้
  คอมเมนท์: Fun games in le..


 Copyright 2026. Bcnsprnw @Library